Catálogo

Vista normal Vista MARC

Entrada Personal Name

Número de registros utilizados en: 1

001 - CONTROL NUMBER

  • control field: 8055

003 - CONTROL NUMBER IDENTIFIER

  • control field: DLC

005 - DATE AND TIME OF LATEST TRANSACTION

  • control field: 20200819155038.0

008 - FIXED-LENGTH DATA ELEMENTS

  • fixed length control field: 980811n| acannaabn |a aaa c

010 ## - LIBRARY OF CONGRESS CONTROL NUMBER

  • LC control number: no 98101975
  • Canceled/invalid LC control number: no 98101983

035 ## - SYSTEM CONTROL NUMBER

  • System control number: (OCoLC)oca04791482

040 ## - CATALOGING SOURCE

  • Original cataloging agency: WU
  • Language of cataloging: spa
  • Transcribing agency: Mc-PuUPA
  • Modifying agency: DLC
  • Modifying agency: OCoLC
  • Modifying agency: Mc-PuUPA
  • Description conventions: rda

100 1# - HEADING--PERSONAL NAME

  • Personal name: Cerón Aguilar, Salvador,

374 ## - OCCUPATION

  • Occupation: Autor

375 ## - GENDER

  • Gender: hombre

377 ## - ASSOCIATED LANGUAGE

  • Language code: spa

400 1# - SEE FROM TRACING--PERSONAL NAME

  • Personal name: Aguilar, Salvador Cerón

670 ## - SOURCE DATA FOUND

  • Source citation: Un modelo educativo para México, 1998:
  • Information found: t.p. (Salvador Cerón Aguilar)

670 ## - SOURCE DATA FOUND

  • Source citation: Biblioteca del congreso (Estados Unidos), 10 septiembre 2018:
  • Information found: catálogo electrónico
  • Uniform Resource Identifier: https://goo.gl/ATKJZg